Možnosti zvyšovania účasti malých a stredných podnikov na regionálnom rozvoji Slovenskej republiky

Vymedzenie nového priestoru a formy rozvoja malého a stredného podnikania s využitím poznatkov projektového manažmentu v rámci regionálneho rozvoja SR. Špecifické formy účasti malých a stredných podnikoch na projektoch. Pojem klaster. Prínosy klástrov. Projekty public private partnership.

Saved in:
Bibliographic Details
Main Author: Majtán, Miroslav
Format: Book Chapter
Language:Slovak
Subjects:
Tags: Add Tag
No Tags, Be the first to tag this record!

MARC

LEADER 00000naa$a2200000$$$4500
001 0113543
005 20240506130249.5
041 0 |a slo 
044 |a SK 
245 1 0 |a Možnosti zvyšovania účasti malých a stredných podnikov na regionálnom rozvoji Slovenskej republiky  |c Miroslav Majtán 
520 |a Vymedzenie nového priestoru a formy rozvoja malého a stredného podnikania s využitím poznatkov projektového manažmentu v rámci regionálneho rozvoja SR. Špecifické formy účasti malých a stredných podnikoch na projektoch. Pojem klaster. Prínosy klástrov. Projekty public private partnership. 
610 2 0 |a podnik malý 
610 2 0 |a podnik stredný 
610 2 0 |a rozvoj regionálny 
610 2 0 |a Slovensko 
610 2 0 |a klaster 
610 2 0 |a projekty investičné 
610 2 0 |a riadenie projektové 
100 1 |a Majtán, Miroslav